01343nam a2200361 a 4500001001200000003000800012006001900020007001500039008004100054010001700095020003600112020003600148020001800184040002100202035002100223050002300244082001700267100001700284245005700301260005700358300002600415490003200441504005100473533015200524650003600676650001900712650002500731655002900756710001700785830003600802856012600838999001700964ebr10318103CaPaEBRm u cr cn|||||||||081028s2009 mnuab sb 001 0 eng d z 2008046554 z9780816651504 (hc : alk. paper) z9780816651511 (pb : alk. paper) z9780816667987 aCaPaEBRcCaPaEBR a(OCoLC)43704608414aP93.6b.R35 2009eb04a302.23/12221 aRaley, Rita.10aTactical mediah[electronic resource] /cRita Raley. aMinneapolis :bUniversity of Minnesota Press,c2009. a195 p. :bill., maps.1 aElectronic mediations ;v28 aIncludes bibliographical references and index. aElectronic reproduction.bPalo Alto, Calif. :cebrary,d2013.nAvailable via World Wide Web.nAccess may be limited to ebrary affiliated libraries. 0aMass mediaxSimulation methods. 0aDigital media. 0aComputer simulation. 7aElectronic books.2local2 aebrary, Inc. 0aElectronic mediations ;vv. 28.40uhttp://site.ebrary.com/lib/rucke/Doc?id=10318103zAn electronic book accessible through the World Wide Web; click to view c59642d59642